¿ Por qué la crisis de los partidos políticos latinoamericanos? /

Gorde:
Xehetasun bibliografikoak
Egile nagusia: Dello Buono, Richard A.
Formatua: Texto
Gaiak:
Etiketak: Etiketa erantsi
Etiketarik gabe, Izan zaitez lehena erregistro honi etiketa jartzen!

MARC

LEADER 00000 a a2200000 04500
001 4418
003
040
100 |a Dello Buono, Richard A.  
245 |a ¿ Por qué la crisis de los partidos políticos latinoamericanos? /  |c Richard A. Dello Buono 
650 |a PARTIDOS POLITICOS  
650 |a CRISIS POLITICA  
650 |a NEOLIBERALISMO  
650 |a GLOBALIZACION  
650 |a MOVIMIENTOS SOCIALES  
650 |a POLITICA EXTERIOR  
650 |a MILITARISMO  
650 |a TRAFICO DE DROGAS  
773 |g volumen 15, número 30; páginas 31-54  
999 |c 37047  |d 37047